| 000 | 01100nam a2200229 u 4500 | ||
|---|---|---|---|
| 001 | 000293984 | ||
| 003 | AM-YeHGA | ||
| 005 | 20250618071915.0 | ||
| 008 | 031215s1986 ai r 000 0 arm d | ||
| 040 | _aAM-YeHGA | ||
| 041 | 1 |
_aarm _hrus |
|
| 100 | 1 |
_aԲաբայան, Էդուարդ Արմենակի, _d1920- |
|
| 245 | 1 | 0 |
_aՈւշադրությո'ւն, թույն է / _cԷ.Ա. Բաբայան; Թարգմ.՝ Հ. Մինասյան; ՀՍՍՀ առողջապահության մին-թյան հանրապետ. Սանլուստուն; ՀՍՍՀ Կարմիր Խաչի ը-թյան կենտկոմ. |
| 250 | _a2-րդ հրատ | ||
| 260 |
_aԵրևան : _bՀայաստան, _c1986. |
||
| 300 | _a70 էջ. | ||
| 650 | 1 | 4 |
_aԱլկոհոլիզմ _91002 |
| 700 | 1 |
_aՄինասյան, Հարություն Մեսրոպի, _d1952- _eթարգմ. _4trl _93351 |
|
| 710 | 2 | _aԱռողջապահության մինիստրության հանրապետական Սանլուստուն. ՀՍՍՀ | |
| 710 | 2 | _aԿարմիր Խաչի ընկերության կենտրոնական կոմիտե ՀՍՍՀ | |
| 090 | _c109113 | ||
| 999 |
_c107786 _d107786 |
||